书目信息 |
| 题名: |
言语风格学
|
|
| 作者: | 郑远汉 | |
| 分册: | ||
| 出版信息: | 武汉 湖北教育出版社 1998 |
|
| 页数: | 420页 | |
| 开本: | 20cm | |
| 丛书名: | ||
| 单 册: | ||
| 中图分类: | H051 | |
| 科图分类: | ||
| 主题词: | 写作学 , 修辞学 | |
| 电子资源: | ||
| ISBN: | 7-5351-0492-4 | |
| 000 | 00515nam0 2200193 450 | |
| 001 | 0728815141 | |
| 005 | 20070819080015.14 | |
| 010 | @a7-5351-0492-4@d¥19.50 | |
| 100 | @a20070819d km y0chiy0120 ea | |
| 101 | 0 | @achi |
| 200 | 1 | @a言语风格学@Ayan yu feng ge xue@f郑远汉@Fzheng yuan han |
| 210 | @a武汉@c湖北教育出版社@d1998 | |
| 215 | @a420页@d20cm | |
| 606 | 0 | @a写作学 |
| 606 | 0 | @a修辞学 |
| 690 | @aH051@v3 | |
| 701 | 0 | @a郑远汉@Azheng yuan han |
| 801 | 0 | @aCN@bPFT@c20070819 |
| 905 | @a213230@dH051@eZW111@f1 | |
| 言语风格学/郑远汉.-武汉:湖北教育出版社,1998 |
| 420页;20cm |
| ISBN 7-5351-0492-4:¥19.50 |
| ● |
| 相关链接 |
|
|
|
|
正题名:言语风格学
索取号:H051/ZW111
 
预约/预借
| 序号 | 登录号 | 条形码 | 馆藏地/架位号 | 状态 | 备注 |
| 1 | 7615098 | 276150987 | 中文系资料室/ [索取号:H051/ZW111] | 在馆 | |
| 2 | 7615099 | 276150996 | 密集书库-文学院/ [索取号:H051/ZW111] | 在馆 |